MARC

LEADER 00000nam1a2200000 4500
001 293579
005 20231102000616.0
020 |a RU  |b 84-3611 
035 |a (RuTPU)RU\TPU\book\318617 
090 |a 293579 
100 |a 20150505d1983 m y0rusy5003 ca 
101 0 |a rus 
200 1 |a Инженерная графика  |e учебное пособие  |f Ж. В. Путина, А. А. Федорова  |g Челябинский политехнический институт (ЧелПИ) ; под ред. Н. П. Сенигова 
210 |a Челябинск  |c Изд-во ЧПИ  |d 1983 
215 |a 96 с.  |c ил. 
320 |a Библиогр.: с. 95 
606 1 |a Инженерная графика  |2 stltpush  |3 (RuTPU)RU\TPU\subj\39243  |9 59411 
610 1 |a учебные пособия 
610 1 |a ортогональное проецирование 
610 1 |a геометрические фигуры 
610 1 |a свойства 
610 1 |a чертежи 
610 1 |a точка 
610 1 |a линии 
610 1 |a поверхности 
610 1 |a изображения 
610 1 |a построение 
610 1 |a взаимное положение 
610 1 |a сечения 
610 1 |a разрезы 
610 1 |a предметы 
675 |a 76:621(075.8)  |z rus  |v 3 
700 1 |a Путина  |b Ж. В.  |4 070 
701 1 |a Федорова  |b А. А.  |4 070 
702 1 |a Сенигов  |b Н. П.  |4 340 
712 0 2 |a Челябинский политехнический институт (ЧелПИ)  |c (1951-1990)  |2 stltpush  |3 (RuTPU)RU\TPU\col\7924 
801 0 |a RU  |b RuMRKP  |c 19950704  |g psbo 
801 1 |a RU  |b 63413507  |c 20150505 
801 2 |a RU  |b 63413507  |c 20190116  |g RCR 
942 |c BK